000
00187 a2200097 4500
001
25875
100
_a
Philip
245
_a
Relief Globe
260
_a
_b
Philips
_c
090
_c
17493
_d
17493
942
_a
NUST-CAE
_c
M
_c
8328
999
_c
260948
_d
260948